Contabilidad siglo XXI

Bibliographic Details
Main Author: Rincn̤ Soto, Carlos Augusto
Other Authors: Lasso Marmolejo, Giovanny, Parrado Bolaǫs, ℓlvaro E.
Format: eBook
Language:Spanish
Published: Bogot:̀ ECOE, 2012
Edition:Segunda edicin̤
Subjects:
Online Access:Acceso restringido

MARC

LEADER 00000nam a22000007a 4500
005 20220216221836.0
007 cr|||| ||||
008 220216s2012 co |||||s|||| 00||0 spa d
020 |a 9789586489652 
035 |a 35839 
040 |a vLex 
090 |c 13009  |d 13009 
100 1 |a Rincn̤ Soto, Carlos Augusto 
245 1 0 |a Contabilidad siglo XXI  |h [Recurso electrn̤ico] /  |c Carlos Augusto Rincn̤ Soto, Giovanny Lasso Marmolejo, ℓlvaro E. Parrado Bolaǫs 
250 |a Segunda edicin̤ 
256 |a Servicio en ln̕ea 
260 |a Bogot:̀  |b ECOE,  |c 2012 
300 |a 1 recurso electrn̤ico 
506 1 |a Disponible solo en los productos indicados  |d vLex Global  |d vLex Global (Academic Edition, excluding Law Schools)  |d vLex Global (U.S. Academic Edition, Law Schools)  |d vLex Global (U.S. Academic Edition, excluding Law Schools)  |d vLex Global (Academic Edition, Law Schools) 
650 0 4 |a Contabilidad  |z Colombia 
700 1 |a Lasso Marmolejo, Giovanny 
700 1 |a Parrado Bolaǫs, ℓlvaro E. 
740 0 |a vLex Libros (Servicio en ln̕ea) 
856 4 0 |u https://app.vlex.com/#/sources/35839  |z Acceso restringido 
942 |c BOOK 
999 0 |a Accounting